000 00304nam a2200169Ia 4500
650 _aHTML
250 _a2
942 _cBK
366 _f20
654 _aHTML
245 _aHTML 5 covers
260 _bDreamtech
_c2016
082 _a4.65
_bHTM
300 _a1219
546 _aENGLISH
999 _c23800
_d23800